000 00573nam a22002057a 4500
003 OSt
005 20260218020002.0
008 140707b xxu||||| |||| 00| 0 eng d
020 _a9780443102455
040 _cLDC
082 _aQV 4 B444c 2012
100 _aBennett Peter.N; Brown Moris. J.
_9356
245 _aClinical Pharmacology
250 _a10th ed.
260 _aPhiladelphia :
_bChurchill Livingstone Elsevier ;
_c2008
300 _axi, 694 p. :
_bcol.ill;
_c25 cm
504 _aIncludes references, index
650 _aPharmacology
_9357
942 _2z
_cB_BANK
_01
999 _c133
_d133